[Event "CAN-op"]
[Site "Edmonton CAN"]
[Date "2009.07.14"]
[Round "4.34"]
[White "Nadeau, Gabrielle"]
[Black "Perron, Sean"]
[Result "1/2-1/2"]
[WhiteElo "1912"]
[BlackElo "2132"]
[PlyCount "68"]
[GameId "2160767910155943"]
[EventDate "2009.07.11"]
[EventType "swiss"]
[EventRounds "9"]
[EventCountry "CAN"]
[SourceTitle "EXT 2022"]
[Source "ChessBase"]
[SourceDate "2021.10.06"]
[SourceVersion "1"]
[SourceVersionDate "2021.10.06"]
[SourceQuality "1"]

1. d4 Nf6 2. c4 c6 3. Nc3 d5 4. cxd5 cxd5 5. Bg5 Nc6 6. e3 e6 7. Bd3 Be7 8. Nf3 a6 9. a4 O-O 10. O-O Nd7 11. Bxe7 Qxe7 12. Rc1 Nb4 13. Re1 h6 14. Bf1 b6 15. Qb3 Bb7 16. Na2 Nxa2 17. Qxa2 Rfc8 18. Qb3 Qd6 19. Ne5 Nxe5 20. dxe5 Qd8 21. Qb4 Rxc1 22. Rxc1 Rc8 23. Rxc8 Bxc8 24. Qc3 Bb7 25. b3 a5 26. Bb5 Qe7 27. h3 Qc5 28. Qd4 Qc1+ 29. Kh2 Qc2 30. Kg1 Qc5 31. Kh2 Kf8 32. Qh4 Qc7 33. Kg1 Qc1+ 34. Kh2 Qc7 1/2-1/2

[Event "CAN-op"]
[Site "Edmonton CAN"]
[Date "2009.07.14"]
[Round "4.35"]
[White "Rachar, Sean"]
[Black "Me, Kevin"]
[Result "0-1"]
[WhiteElo "1897"]
[BlackElo "2142"]
[PlyCount "74"]
[GameId "2160767910155944"]
[EventDate "2009.07.11"]
[EventType "swiss"]
[EventRounds "9"]
[EventCountry "CAN"]
[SourceTitle "EXT 2022"]
[Source "ChessBase"]
[SourceDate "2021.10.06"]
[SourceVersion "1"]
[SourceVersionDate "2021.10.06"]
[SourceQuality "1"]

1. d4 Nf6 2. c4 g6 3. Nc3 Bg7 4. e4 d6 5. Be2 O-O 6. Nf3 e5 7. dxe5 dxe5 8. Qxd8 Rxd8 9. Bg5 Re8 10. Nd5 Nxd5 11. cxd5 c6 12. Bc4 b5 13. Bb3 Bb7 14. dxc6 Nxc6 15. Bd5 Rab8 16. Rc1 Nb4 17. Rc7 Nxd5 18. exd5 Bxd5 19. Rxa7 e4 20. Nd2 Bxb2 21. O-O Ra8 22. Rd7 Bxa2 23. Re1 f5 24. Rb7 Reb8 25. Rxb8+ Rxb8 26. Nxe4 fxe4 27. Re2 Bg7 28. Rxa2 b4 29. Bc1 b3 30. Re2 b2 31. Bxb2 Rxb2 32. Re1 Bc3 33. Rc1 Ra2 34. Kf1 Ra1 35. Rxa1 Bxa1 36. Ke2 Bd4 37. f3 e3 0-1

[Event "CAN-op"]
[Site "Edmonton CAN"]
[Date "2009.07.14"]
[Round "4.36"]
[White "Daswani, Benedict"]
[Black "Kong, Dezheng"]
[Result "1-0"]
[WhiteElo "2115"]
[BlackElo "1890"]
[PlyCount "61"]
[GameId "2160767910155945"]
[EventDate "2009.07.11"]
[EventType "swiss"]
[EventRounds "9"]
[EventCountry "CAN"]
[SourceTitle "EXT 2022"]
[Source "ChessBase"]
[SourceDate "2021.10.06"]
[SourceVersion "1"]
[SourceVersionDate "2021.10.06"]
[SourceQuality "1"]

1. g3 d5 2. d3 c6 3. Nf3 Nf6 4. Bg2 e6 5. O-O Bd6 6. Nc3 O-O 7. e4 dxe4 8. dxe4 e5 9. Qe2 h6 10. Rd1 Qc7 11. Be3 Bg4 12. h3 Be6 13. Rd2 Nbd7 14. Rad1 Bb4 15. Nh4 Nb6 16. f4 Nc4 17. f5 Nxd2 18. fxe6 Bxc3 19. bxc3 Ndxe4 20. Bxe4 Nxe4 21. Rd7 Qa5 22. exf7+ Rxf7 23. Rxf7 Kxf7 24. Qh5+ Kg8 25. Qg6 Nxc3 26. Nf5 Qc7 27. Nxh6+ Kh8 28. Nf7+ Kg8 29. Ng5 Qa5 30. Ne6 Ne2+ 31. Kh2 1-0

[Event "CAN-op"]
[Site "Edmonton CAN"]
[Date "2009.07.14"]
[Round "4.37"]
[White "MacLeod, Damon"]
[Black "Sequillion, Aaron"]
[Result "0-1"]
[WhiteElo "1835"]
[BlackElo "2108"]
[PlyCount "126"]
[GameId "2160767910155946"]
[EventDate "2009.07.11"]
[EventType "swiss"]
[EventRounds "9"]
[EventCountry "CAN"]
[SourceTitle "EXT 2022"]
[Source "ChessBase"]
[SourceDate "2021.10.06"]
[SourceVersion "1"]
[SourceVersionDate "2021.10.06"]
[SourceQuality "1"]

1. e4 c5 2. Nf3 e6 3. b3 Nf6 4. e5 Nd5 5. c4 Nb6 6. d4 cxd4 7. Nxd4 d5 8. exd6 Bxd6 9. Nc3 Be5 10. Be3 Nc6 11. Ndb5 a6 12. Qxd8+ Nxd8 13. Nd6+ Bxd6 14. Bxb6 f5 15. Rd1 Ke7 16. Be2 Bd7 17. O-O Bc6 18. Be3 Nf7 19. c5 Be5 20. Bd4 Bxd4 21. Rxd4 g5 22. Bc4 Ne5 23. Be2 Nd7 24. b4 Nf6 25. Bc4 Rad8 26. Rxd8 Rxd8 27. Re1 Nd5 28. b5 axb5 29. Nxb5 Bxb5 30. Bxb5 Rc8 31. Rc1 b6 32. c6 Kd6 33. Rd1 Kc5 34. a4 Nc3 35. Re1 Nxb5 36. axb5 Kxb5 37. Rxe6 Rxc6 38. Re1 Ka4 39. Kf1 Rd6 40. Ra1+ Kb5 41. Ke2 Kc6 42. Ra4 b5 43. Ra8 Kc5 44. Rc8+ Kb4 45. Rc1 h6 46. Ke3 Ka3 47. Ra1+ Kb3 48. Rb1+ Kc4 49. Rc1+ Kd5 50. Kd3 b4 51. Rc4 Rb6 52. Rd4+ Ke5 53. Rc4 b3 54. Rc1 b2 55. Rb1 Kf4 56. h3 h5 57. Kc3 g4 58. h4 g3 59. Kd3 gxf2 60. Ke2 Kg3 61. Kf1 Kxh4 62. Kxf2 Kg4 63. g3 Rb3 0-1

[Event "CAN-op"]
[Site "Edmonton CAN"]
[Date "2009.07.14"]
[Round "4.38"]
[White "Monaghan, Jim"]
[Black "Long, Hugh"]
[Result "1-0"]
[WhiteElo "2090"]
[BlackElo "1672"]
[PlyCount "151"]
[GameId "2160767910155947"]
[EventDate "2009.07.11"]
[EventType "swiss"]
[EventRounds "9"]
[EventCountry "CAN"]
[SourceTitle "EXT 2022"]
[Source "ChessBase"]
[SourceDate "2021.10.06"]
[SourceVersion "1"]
[SourceVersionDate "2021.10.06"]
[SourceQuality "1"]

1. d4 Nf6 2. c4 e6 3. Nf3 d5 4. g3 Be7 5. Bg2 O-O 6. O-O c5 7. cxd5 exd5 8. Nc3 Nc6 9. dxc5 Bxc5 10. Na4 Be7 11. Be3 b6 12. Rc1 Bb7 13. Nd4 Qd7 14. Nc3 Nxd4 15. Bxd4 Rfd8 16. b4 Rac8 17. a3 Rc4 18. e3 Rdc8 19. Bxf6 Bxf6 20. Nxd5 Bxd5 21. Rxc4 Rxc4 22. Qxd5 Qxd5 23. Bxd5 Rc3 24. a4 Kf8 25. Rb1 Rc2 26. b5 Rc3 27. Kg2 Ke7 28. Kf3 Be5 29. Ke4 f6 30. Bb3 Bd6 31. h3 Be5 32. f4 Bd6 33. Kd4 Rc5 34. Bc4 Rh5 35. Rh1 Bc5+ 36. Ke4 Bd6 37. g4 Rc5 38. Kd3 Kd7 39. h4 Ke7 40. Rf1 Rc8 41. Rh1 h6 42. Rg1 Rc7 43. g5 hxg5 44. hxg5 fxg5 45. Rxg5 Kf8 46. Rf5+ Ke8 47. e4 Bc5 48. Bd5 Bb4 49. Bc6+ Ke7 50. e5 a6 51. Ke4 axb5 52. axb5 Bc5 53. Rg5 Kf8 54. f5 Ra7 55. Kd5 Kf7 56. Rg6 Ra4 57. e6+ Kf8 58. Bd7 Ra7 59. Rg4 Rc7 60. Ra4 Ke7 61. Bc6 Kf6 62. Rc4 Be7 63. Rg4 Bf8 64. Ke4 Ra7 65. Rg6+ Ke7 66. Ke5 Ra1 67. Rg2 Re1+ 68. Be4 Rc1 69. Ra2 Rc5+ 70. Bd5 Rc7 71. Ra8 Rc5 72. Rxf8 Kxf8 73. Kd6 Rc8 74. e7+ Ke8 75. Bc6+ Kf7 76. e8=Q+ 1-0

[Event "CAN-op"]
[Site "Edmonton CAN"]
[Date "2009.07.14"]
[Round "4.39"]
[White "Achtemichuk, Chris"]
[Black "Pedersen, Rick"]
[Result "0-1"]
[WhiteElo "1676"]
[BlackElo "2089"]
[PlyCount "118"]
[GameId "2160767910155948"]
[EventDate "2009.07.11"]
[EventType "swiss"]
[EventRounds "9"]
[EventCountry "CAN"]
[SourceTitle "EXT 2022"]
[Source "ChessBase"]
[SourceDate "2021.10.06"]
[SourceVersion "1"]
[SourceVersionDate "2021.10.06"]
[SourceQuality "1"]

1. Nf3 g6 2. g3 Bg7 3. Bg2 d5 4. d3 Nf6 5. Nbd2 O-O 6. O-O c5 7. c4 d4 8. b3 Nc6 9. Bb2 e5 10. Ng5 Qe7 11. Rc1 Ng4 12. Ngf3 f5 13. h3 Nf6 14. e4 fxe4 15. dxe4 Bh6 16. Ne1 Be6 17. a3 a5 18. Nd3 b6 19. Rc2 Rf7 20. Kh2 Raf8 21. Qe1 Bc8 22. Bc1 Bb7 23. Nf3 Bxc1 24. Rxc1 Nd7 25. Nh4 Nd8 26. Qd2 Ne6 27. Rce1 Ng7 28. Qe2 Ne6 29. Qg4 Ng7 30. Nf3 Qf6 31. Ng5 Re7 32. f4 h6 33. Nf3 exf4 34. Nh4 g5 35. gxf4 h5 36. Qxg5 Qxg5 37. fxg5 Rxf1 38. Bxf1 Rxe4 39. Rxe4 Bxe4 40. Be2 Ne6 41. Nf3 Kg7 42. h4 Bxd3 43. Bxd3 Nf4 44. Bf5 Nf8 45. Kg3 N8g6 46. Ne5 Ne2+ 47. Kf2 Nxh4 48. Be4 Nf4 49. Nd7 Nhg6 50. Bxg6 Kxg6 51. Nxb6 Kxg5 52. Nd7 Ne6 53. Ne5 Kf4 54. Nd3+ Ke4 55. Ke2 Nf4+ 56. Nxf4 Kxf4 57. b4 cxb4 58. axb4 axb4 59. c5 Ke5 0-1

[Event "CAN-op"]
[Site "Edmonton CAN"]
[Date "2009.07.14"]
[Round "4.41"]
[White "Gorelik, Lev"]
[Black "Desjardins, Simon-Pierre"]
[Result "1-0"]
[WhiteElo "2079"]
[BlackElo "2016"]
[PlyCount "97"]
[GameId "2160767910155949"]
[EventDate "2009.07.11"]
[EventType "swiss"]
[EventRounds "9"]
[EventCountry "CAN"]
[SourceTitle "EXT 2022"]
[Source "ChessBase"]
[SourceDate "2021.10.06"]
[SourceVersion "1"]
[SourceVersionDate "2021.10.06"]
[SourceQuality "1"]

1. d4 Nf6 2. Nf3 g6 3. Bf4 Bg7 4. e3 d5 5. h3 O-O 6. Bd3 c5 7. c3 Nc6 8. Nbd2 Qb6 9. Rb1 c4 10. Bc2 Qa5 11. Qc1 Nd7 12. O-O e5 13. dxe5 Ndxe5 14. Nxe5 Nxe5 15. Bxe5 Bxe5 16. Nf3 Bg7 17. Rd1 Be6 18. Nd4 Qc7 19. Qd2 a6 20. a4 Bxd4 21. Qxd4 b5 22. axb5 axb5 23. Ra1 Ra5 24. Qf6 Rxa1 25. Rxa1 Qd8 26. Qd4 Qb8 27. Bd1 b4 28. Bf3 bxc3 29. bxc3 Qb2 30. Ra7 Qb1+ 31. Kh2 Qb8+ 32. g3 Qb2 33. Kg2 Qb8 34. h4 h5 35. Ra5 Rd8 36. Bxd5 Bxd5+ 37. Rxd5 Rxd5 38. Qxd5 Qb3 39. Qd8+ Kg7 40. Qd4+ Kg8 41. Kf3 Qa2 42. e4 Qa4 43. Ke3 Qc6 44. Qd8+ Kh7 45. Qd5 Qb6+ 46. Qd4 Qe6 47. Qc5 Kg8 48. Kd4 Qa6 49. Qxc4 1-0

[Event "CAN-op"]
[Site "Edmonton CAN"]
[Date "2009.07.14"]
[Round "4.42"]
[White "Quiring, John"]
[Black "Yoos, John"]
[Result "0-1"]
[WhiteElo "1846"]
[BlackElo "2442"]
[PlyCount "54"]
[GameId "2160767910155950"]
[EventDate "2009.07.11"]
[EventType "swiss"]
[EventRounds "9"]
[EventCountry "CAN"]
[SourceTitle "EXT 2022"]
[Source "ChessBase"]
[SourceDate "2021.10.06"]
[SourceVersion "1"]
[SourceVersionDate "2021.10.06"]
[SourceQuality "1"]

1. e4 c5 2. Nc3 Nc6 3. f4 g6 4. Nf3 Bg7 5. Bc4 e6 6. O-O Nge7 7. Ne2 a6 8. a4 d5 9. exd5 exd5 10. Ba2 Nf5 11. c3 O-O 12. Kh1 d4 13. Ng5 d3 14. Ng1 Rb8 15. Nxf7 Rxf7 16. Bxf7+ Kxf7 17. c4 Be6 18. Rb1 Bxc4 19. b3 Bd5 20. Bb2 Bxb2 21. Rxb2 Ncd4 22. Qg4 Nh4 23. Nf3 Nhxf3 24. gxf3 Bxf3+ 25. Rxf3 Qd5 26. Kg2 h5 27. Qh3 Re8 0-1

[Event "CAN-op"]
[Site "Edmonton CAN"]
[Date "2009.07.14"]
[Round "4.43"]
[White "Chaisson, Terry"]
[Black "Melekhina, Alisa"]
[Result "0-1"]
[WhiteElo "1823"]
[BlackElo "2270"]
[PlyCount "86"]
[GameId "2160767910155951"]
[EventDate "2009.07.11"]
[EventType "swiss"]
[EventRounds "9"]
[EventCountry "CAN"]
[SourceTitle "EXT 2022"]
[Source "ChessBase"]
[SourceDate "2021.10.06"]
[SourceVersion "1"]
[SourceVersionDate "2021.10.06"]
[SourceQuality "1"]

1. e4 b6 2. d4 Bb7 3. Bd3 Nf6 4. Nc3 e6 5. Bg5 h6 6. Bh4 Bb4 7. f3 Be7 8. Nge2 d5 9. e5 Nfd7 10. Bxe7 Qxe7 11. Nb5 Qd8 12. c3 a6 13. Na3 c5 14. O-O Nc6 15. f4 g6 16. Nb1 a5 17. Nd2 Ba6 18. Nf3 Bxd3 19. Qxd3 c4 20. Qc2 b5 21. b3 Nb6 22. Rfb1 b4 23. Nd2 Rc8 24. Kh1 O-O 25. g3 Qe7 26. Rc1 Na7 27. a4 bxa3 28. bxc4 Nxc4 29. Nxc4 Rxc4 30. Rcb1 a4 31. Qa2 Qc7 32. Qxa3 Rb8 33. Rxb8+ Qxb8 34. Qc1 Kg7 35. Qc2 Qe8 36. Ra3 Nb5 37. Rxa4 Nxd4 38. Nxd4 Qxa4 39. Qb2 Qa5 40. Nb5 Qb6 41. Qb1 Rc5 42. Na3 Qxb1+ 43. Nxb1 Ra5 0-1

[Event "CAN-op"]
[Site "Edmonton CAN"]
[Date "2009.07.14"]
[Round "4.44"]
[White "Moffat, Andrei"]
[Black "Shanker, Raman"]
[Result "1-0"]
[WhiteElo "2242"]
[BlackElo "1839"]
[PlyCount "110"]
[GameId "2160767910155952"]
[EventDate "2009.07.11"]
[EventType "swiss"]
[EventRounds "9"]
[EventCountry "CAN"]
[SourceTitle "EXT 2022"]
[Source "ChessBase"]
[SourceDate "2021.10.06"]
[SourceVersion "1"]
[SourceVersionDate "2021.10.06"]
[SourceQuality "1"]

1. e4 e6 2. d4 d5 3. e5 c5 4. Qg4 cxd4 5. Nf3 Nc6 6. Bd3 Nh6 7. Bxh6 gxh6 8. O-O Qc7 9. Re1 Bd7 10. a3 O-O-O 11. b4 Be7 12. Qh5 f6 13. exf6 Bxf6 14. b5 Ne7 15. Nbd2 Nf5 16. Bxf5 exf5 17. Nb3 d3 18. Rac1 d2 19. Nbxd2 Kb8 20. Qxh6 Bb2 21. Rb1 Bxa3 22. b6 axb6 23. Ra1 Bd6 24. Ra2 Bb5 25. Rea1 Ba6 26. Nb3 Bf4 27. Qh3 Rdf8 28. Nfd4 Be5 29. Ne6 Qe7 30. Nbd4 Rf6 31. Rxa6 Rxe6 32. Ra8+ Kc7 33. Nxe6+ Qxe6 34. Rxh8 Bxa1 35. Rxh7+ Kb8 36. Qe3 Qxe3 37. fxe3 Bc3 38. Kf2 d4 39. exd4 Bxd4+ 40. Kf3 Ka7 41. Rf7 Be5 42. h4 f4 43. h5 b5 44. h6 Kb6 45. Ke4 Bc3 46. Rxf4 b4 47. h7 Kb5 48. Kd3 Ka4 49. Rf8 Ka3 50. h8=Q Bxh8 51. Rxh8 b5 52. g4 b3 53. cxb3 Kxb3 54. Rb8 b4 55. g5 Ka3 1-0

[Event "CAN-op"]
[Site "Edmonton CAN"]
[Date "2009.07.14"]
[Round "4.48"]
[White "Kagramanov, Dina"]
[Black "Sillador, Rory"]
[Result "1-0"]
[WhiteElo "2140"]
[BlackElo "1890"]
[PlyCount "63"]
[GameId "2160767910155954"]
[EventDate "2009.07.11"]
[EventType "swiss"]
[EventRounds "9"]
[EventCountry "CAN"]
[SourceTitle "EXT 2022"]
[Source "ChessBase"]
[SourceDate "2021.10.06"]
[SourceVersion "1"]
[SourceVersionDate "2021.10.06"]
[SourceQuality "1"]

1. e4 e6 2. d4 d5 3. e5 c5 4. c3 Nc6 5. Nf3 Bd7 6. a3 Nge7 7. dxc5 Ng6 8. b4 Ncxe5 9. Nxe5 Nxe5 10. Bf4 Ng6 11. Bg3 Be7 12. Bd3 O-O 13. h4 f5 14. h5 Nh4 15. O-O f4 16. Bxh4 Bxh4 17. Qc2 h6 18. Nd2 e5 19. Qb3 Bg4 20. Be4 Be6 21. Nf3 dxe4 22. Qxe6+ Kh8 23. Nxe5 Kh7 24. Qg6+ Kg8 25. Qxe4 Rb8 26. Rad1 Bxf2+ 27. Kxf2 Qh4+ 28. Kg1 Rbe8 29. Qd5+ Kh7 30. Ng6 Qg3 31. Nxf8+ Rxf8 32. Qd3+ 1-0

[Event "CAN-op"]
[Site "Edmonton CAN"]
[Date "2009.07.14"]
[Round "4.49"]
[White "Sali, Zulfikar"]
[Black "Seehagen, Terry"]
[Result "1-0"]
[WhiteElo "2126"]
[BlackElo "1756"]
[PlyCount "47"]
[GameId "2160767910155955"]
[EventDate "2009.07.11"]
[EventType "swiss"]
[EventRounds "9"]
[EventCountry "CAN"]
[SourceTitle "EXT 2022"]
[Source "ChessBase"]
[SourceDate "2021.10.06"]
[SourceVersion "1"]
[SourceVersionDate "2021.10.06"]
[SourceQuality "1"]

1. e4 d5 2. exd5 Nf6 3. Bb5+ Bd7 4. Bc4 Bg4 5. f3 Bf5 6. Nc3 Nbd7 7. g4 Bg6 8. d4 Nb6 9. Bb5+ Nfd7 10. f4 e6 11. Nf3 Be7 12. h4 Nxd5 13. Nxd5 Bxh4+ 14. Nxh4 Be4 15. Nf3 Bxd5 16. Qe2 Qe7 17. Bd2 a6 18. Bxd7+ Qxd7 19. O-O-O Qa4 20. a3 b5 21. f5 Bc4 22. Qe5 a5 23. fxe6 O-O-O 24. e7 1-0

[Event "CAN-op"]
[Site "Edmonton CAN"]
[Date "2009.07.14"]
[Round "4.51"]
[White "De Jong, Werner"]
[Black "Tang, Edward"]
[Result "0-1"]
[WhiteElo "1792"]
[BlackElo "2053"]
[PlyCount "64"]
[GameId "2160767910155957"]
[EventDate "2009.07.11"]
[EventType "swiss"]
[EventRounds "9"]
[EventCountry "CAN"]
[SourceTitle "EXT 2022"]
[Source "ChessBase"]
[SourceDate "2021.10.06"]
[SourceVersion "1"]
[SourceVersionDate "2021.10.06"]
[SourceQuality "1"]

1. c4 e6 2. g3 d5 3. Bg2 Nf6 4. Nf3 Be7 5. O-O O-O 6. cxd5 exd5 7. d4 c6 8. Nc3 Bf5 9. a3 Nbd7 10. b4 a6 11. h3 Bd6 12. g4 Bg6 13. Nh4 Qe7 14. Nxg6 fxg6 15. f4 Nb6 16. Re1 Qc7 17. e3 Rae8 18. Rf1 Nc4 19. Rf3 h5 20. g5 Ne4 21. Nxe4 Rxe4 22. Bf1 Rfe8 23. Qb3 Qf7 24. Ra2 Qe6 25. Kf2 Bb8 26. Rc2 b5 27. Bxc4 dxc4 28. Qc3 Ba7 29. Kg2 a5 30. Bd2 Qd5 31. Kf2 Rxd4 32. Kg2 Rd3 0-1

[Event "CAN-op"]
[Site "Edmonton CAN"]
[Date "2009.07.14"]
[Round "4.52"]
[White "Oussedik, Elias"]
[Black "Haley, Phil"]
[Result "1-0"]
[WhiteElo "2052"]
[BlackElo "1716"]
[PlyCount "99"]
[GameId "2160767910155958"]
[EventDate "2009.07.11"]
[EventType "swiss"]
[EventRounds "9"]
[EventCountry "CAN"]
[SourceTitle "EXT 2022"]
[Source "ChessBase"]
[SourceDate "2021.10.06"]
[SourceVersion "1"]
[SourceVersionDate "2021.10.06"]
[SourceQuality "1"]

1. e4 e6 2. d4 d5 3. Nd2 dxe4 4. Nxe4 Nf6 5. Nxf6+ Qxf6 6. Nf3 Qd8 7. Bd3 Be7 8. O-O O-O 9. Re1 Nd7 10. Ne5 c5 11. Nxd7 Bxd7 12. dxc5 Bxc5 13. Bxh7+ Kxh7 14. Qh5+ Kg8 15. Qxc5 Rc8 16. Qd4 Bc6 17. Qg4 f5 18. Qg3 Qf6 19. Bf4 Rf7 20. c3 Re8 21. Be5 f4 22. Qh3 Qg6 23. g3 f3 24. g4 Rd8 25. Qg3 Rfd7 26. Bd4 a6 27. h3 Re8 28. b4 Kf7 29. Qf4+ Kg8 30. Qg3 Kf7 31. Bc5 Rh8 32. Qf4+ Qf6 33. Qxf6+ gxf6 34. Kh2 Rdd8 35. Rad1 Rdg8 36. Kg3 Rg6 37. Bb6 Rhg8 38. Rd8 R8g7 39. Bc5 Rg8 40. Red1 f5 41. Rxg8 Rxg8 42. Kf4 Rh8 43. Rh1 fxg4 44. Kxg4 Rh7 45. Bd4 Rh6 46. h4 Rg6+ 47. Kf4 Rh6 48. Kg5 Rg6+ 49. Kf4 Rg8 50. h5 1-0

[Event "CAN-op"]
[Site "Edmonton CAN"]
[Date "2009.07.14"]
[Round "4.53"]
[White "Thomas, Bruce"]
[Black "Steele, Len"]
[Result "1/2-1/2"]
[WhiteElo "1752"]
[BlackElo "1984"]
[PlyCount "50"]
[GameId "2160767910155959"]
[EventDate "2009.07.11"]
[EventType "swiss"]
[EventRounds "9"]
[EventCountry "CAN"]
[SourceTitle "EXT 2022"]
[Source "ChessBase"]
[SourceDate "2021.10.06"]
[SourceVersion "1"]
[SourceVersionDate "2021.10.06"]
[SourceQuality "1"]

1. c4 f5 2. Nc3 Nf6 3. g3 g6 4. Bg2 Bg7 5. e3 O-O 6. Nge2 d6 7. Rb1 c6 8. O-O e5 9. d4 Qe7 10. d5 Kh8 11. b3 c5 12. e4 fxe4 13. Nxe4 Nxe4 14. Bxe4 Nd7 15. Qc2 Nf6 16. Bg5 Bh3 17. Rfe1 Qd7 18. Bxf6 Rxf6 19. Nc3 Raf8 20. Nd1 Bg4 21. Rb2 Bh6 22. Qd3 Qf7 23. Rf1 Bh3 24. Re1 Bg4 25. Rf1 Bh3 1/2-1/2

[Event "CAN-op"]
[Site "Edmonton CAN"]
[Date "2009.07.14"]
[Round "4.54"]
[White "Kuczaj, Chris"]
[Black "Janzen, Tyler"]
[Result "0-1"]
[WhiteElo "1902"]
[BlackElo "1656"]
[PlyCount "60"]
[GameId "2160767910155960"]
[EventDate "2009.07.11"]
[EventType "swiss"]
[EventRounds "9"]
[EventCountry "CAN"]
[SourceTitle "EXT 2022"]
[Source "ChessBase"]
[SourceDate "2021.10.06"]
[SourceVersion "1"]
[SourceVersionDate "2021.10.06"]
[SourceQuality "1"]

1. c4 f5 2. Nf3 Nc6 3. d4 e6 4. Nc3 Nf6 5. g3 g6 6. Bg2 Bg7 7. O-O O-O 8. d5 exd5 9. cxd5 Nb4 10. Qb3 Na6 11. d6+ Kh8 12. Ng5 Qe8 13. dxc7 Nxc7 14. Bf4 Ne6 15. Nxe6 Qxe6 16. Qc2 Nh5 17. Be3 a6 18. Rad1 f4 19. Bd4 Bxd4 20. Rxd4 fxg3 21. hxg3 Nxg3 22. Rd3 Nxf1 23. Kxf1 Qf5 24. e4 Qc5 25. Rd5 Qc4+ 26. Kg1 b5 27. b3 Qc7 28. Qd3 Qb6 29. Qg3 Qf6 30. Rd6 Qf4 0-1

[Event "CAN-op"]
[Site "Edmonton CAN"]
[Date "2009.07.14"]
[Round "4.55"]
[White "Smith, Maurice"]
[Black "Farine, Jonathan"]
[Result "1/2-1/2"]
[WhiteElo "1635"]
[BlackElo "1932"]
[PlyCount "67"]
[GameId "2160767910155961"]
[EventDate "2009.07.11"]
[EventType "swiss"]
[EventRounds "9"]
[EventCountry "CAN"]
[SourceTitle "EXT 2022"]
[Source "ChessBase"]
[SourceDate "2021.10.06"]
[SourceVersion "1"]
[SourceVersionDate "2021.10.06"]
[SourceQuality "1"]

1. e4 e5 2. Nf3 Nc6 3. Bb5 Bc5 4. O-O Nf6 5. d3 d6 6. h3 a6 7. Ba4 b5 8. Bb3 Na5 9. Nbd2 O-O 10. Re1 Bb6 11. a3 Nxb3 12. Nxb3 Bb7 13. Be3 Bxe3 14. fxe3 Qe7 15. Nbd2 Kh8 16. Nf1 Nh5 17. Qe2 f5 18. Nxe5 dxe5 19. Qxh5 fxe4 20. dxe4 Bxe4 21. c3 Qf6 22. Qe2 Rad8 23. Rad1 Bd3 24. Rxd3 Rxd3 25. Ng3 Rfd8 26. Rf1 Qe6 27. Ne4 Qd5 28. Ng5 Rd2 29. Qg4 Rd1 30. Nf7+ Qxf7 31. Rxd1 Rxd1+ 32. Qxd1 Qe8 33. Qd5 c6 34. Qd6 1/2-1/2

[Event "CAN-op"]
[Site "Edmonton CAN"]
[Date "2009.07.14"]
[Round "4.56"]
[White "Deimert, Elroy"]
[Black "Amasaib, Magdi"]
[Result "1-0"]
[WhiteElo "1580"]
[BlackElo "1893"]
[PlyCount "107"]
[GameId "2160767910155962"]
[EventDate "2009.07.11"]
[EventType "swiss"]
[EventRounds "9"]
[EventCountry "CAN"]
[SourceTitle "EXT 2022"]
[Source "ChessBase"]
[SourceDate "2021.10.06"]
[SourceVersion "1"]
[SourceVersionDate "2021.10.06"]
[SourceQuality "1"]

1. e4 e5 2. Nf3 Nc6 3. Nc3 Bc5 4. Nxe5 Bxf2+ 5. Kxf2 Nxe5 6. d4 Ng6 7. Bc4 d6 8. Rf1 N8e7 9. Kg1 O-O 10. Qf3 Be6 11. Bd3 c6 12. Bg5 f6 13. Be3 Qd7 14. Be2 d5 15. b3 b5 16. a3 a6 17. h3 f5 18. e5 f4 19. Bd2 Rf7 20. Bd3 Raf8 21. Ne2 Nh4 22. Bxh7+ Kxh7 23. Qh5+ Kg8 24. Qxh4 Ng6 25. Qg5 Bf5 26. Nxf4 Nxf4 27. Rxf4 Bxc2 28. Re1 Rxf4 29. Bxf4 Qe6 30. b4 Be4 31. Rf1 Bd3 32. Rf2 g6 33. Be3 Rxf2 34. Bxf2 Qe8 35. Qf6 Bf5 36. Bh4 Qf8 37. Kf2 Be4 38. Kg3 Qa8 39. Bg5 Qb7 40. e6 Qb8+ 41. Kf2 Qf8 42. Qxf8+ Kxf8 43. e7+ Kf7 44. g4 Bd3 45. Kg3 Bf1 46. h4 Bd3 47. h5 gxh5 48. gxh5 Bh7 49. h6 Bg6 50. Kf4 Kg8 51. Ke5 Be8 52. Kd6 Kf7 53. Kc7 Kg6 54. Bh4 1-0

[Event "CAN-op"]
[Site "Edmonton CAN"]
[Date "2009.07.14"]
[Round "4.58"]
[White "McKay, Arnold"]
[Black "Frier, Ken"]
[Result "1-0"]
[WhiteElo "1889"]
[BlackElo "1426"]
[PlyCount "95"]
[GameId "2160767910155963"]
[EventDate "2009.07.11"]
[EventType "swiss"]
[EventRounds "9"]
[EventCountry "CAN"]
[SourceTitle "EXT 2022"]
[Source "ChessBase"]
[SourceDate "2021.10.06"]
[SourceVersion "1"]
[SourceVersionDate "2021.10.06"]
[SourceQuality "1"]

1. Nf3 c5 2. e4 d6 3. d4 cxd4 4. Nxd4 Nf6 5. Nc3 a6 6. Be2 e6 7. Be3 Be7 8. Qd2 O-O 9. f3 Qc7 10. g4 Nc6 11. g5 Nd7 12. Kf2 Nce5 13. b3 b6 14. h4 Nc6 15. h5 Nxd4 16. Bxd4 g6 17. hxg6 fxg6 18. Rh4 Rf7 19. Rah1 Bb7 20. Rh6 Nf8 21. Ke1 Rc8 22. f4 e5 23. fxe5 dxe5 24. Bc4 exd4 25. Ne2 Bxe4 26. Rf1 Qe5 27. Bxf7+ Kg7 28. Qxd4 Qxd4 29. Nxd4 Bxg5 30. Rh2 Bf6 31. Re2 Kxf7 32. Rxe4 Kg7 33. c4 h6 34. Ne6+ Nxe6 35. Rxe6 Bd4 36. Re7+ Kg8 37. Rf4 Bc5 38. Re6 g5 39. Rff6 Rc7 40. Rxh6 Rg7 41. Rhg6 Rxg6 42. Rxg6+ Kf7 43. Rxg5 Ke6 44. Ke2 Kd6 45. Kd3 Ke6 46. Ke4 Kf6 47. Rxc5 bxc5 48. Kd5 1-0

[Event "CAN-op"]
[Site "Edmonton CAN"]
[Date "2009.07.14"]
[Round "4.59"]
[White "Mendryk, Wayne"]
[Black "Wu, Allan"]
[Result "0-1"]
[WhiteElo "1440"]
[BlackElo "1867"]
[PlyCount "74"]
[GameId "2160767910155964"]
[EventDate "2009.07.11"]
[EventType "swiss"]
[EventRounds "9"]
[EventCountry "CAN"]
[SourceTitle "EXT 2022"]
[Source "ChessBase"]
[SourceDate "2021.10.06"]
[SourceVersion "1"]
[SourceVersionDate "2021.10.06"]
[SourceQuality "1"]

1. d4 Nf6 2. c4 g6 3. Nc3 Bg7 4. e4 d6 5. Nf3 O-O 6. Be2 e5 7. dxe5 dxe5 8. Qxd8 Rxd8 9. O-O Nc6 10. Bg5 Be6 11. Nd5 Bxd5 12. cxd5 Nb8 13. Nd2 c6 14. Bc4 Rd6 15. f4 Nbd7 16. fxe5 Nxe5 17. Bf4 Re8 18. dxc6 bxc6 19. Bxe5 Rxe5 20. Rad1 Re7 21. Rfe1 Red7 22. e5 Rxd2 23. Rxd2 Rxd2 24. exf6 Bxf6 25. b4 Kg7 26. Rf1 Rd4 27. Rc1 Rf4 28. b5 cxb5 29. Bxb5 Bd4+ 30. Kh1 Bb2 31. Rd1 Ba3 32. g3 Rb4 33. Bc6 a5 34. Bd5 a4 35. Rf1 f5 36. Re1 Rd4 37. Re7+ Bxe7 0-1